000
00272nam a22001097a 4500
082
_a
621.3192 HUE'T
100
_a
HUELSMAN, L. P
_9
57290
245
_a
THOERY AND DESIGN OF ACTIVE RC CIRCUITS
260
_a
NEW DELHI
_b
TATA MCGRAW HILL
_c
1968
300
_a
267P
942
_c
BK
999
_c
582051
_d
582051